| 000 | 00409nam a2200181Ia 4500 | ||
|---|---|---|---|
| 005 | 20240823061957.0 | ||
| 008 | 240823s9999||||xx |||||||||||||| ||und|| | ||
| 041 | _aTAMIL | ||
| 082 | _A338.90082 Q9 | ||
| 100 | _aBrindha Srinivasan | ||
| 245 | 0 | _aThadaigal Thaandip Payum Nathi | |
| 250 | _a1st | ||
| 260 |
_c2019 _bThe |
||
| 500 | _aYES | ||
| 650 |
_aTamil _bGeneral |
||
| 942 | _cBK | ||
| 999 |
_c234805 _d234805 |
||